| 000 | 01945nam a2200457 c 4500 | ||
|---|---|---|---|
| 001 | BV048813374 | ||
| 003 | DE-604 | ||
| 005 | 20251108091906.0 | ||
| 007 | t| | ||
| 008 | 230213s2016 xx acf| |||| 00||| eng d | ||
| 020 |
_a9789941947018 _9978-9941-9470-1-8 |
||
| 020 |
_z9941947015 _99941947015 |
||
| 035 | _a(OCoLC)1372477362 | ||
| 035 | _a(DE-599)BVBBV048813374 | ||
| 040 |
_aDE-604 _bger _cRU-10907106 |
||
| 041 | 0 | _aeng | |
| 049 | _aDE-12 | ||
| 100 | 1 |
_aShengelia, Kakha _d1970- _eVerfasser _0(DE-588)139794182 _4aut _967360 |
|
| 245 | 1 | 0 |
_aHistory of Georgia _bfrom the ancient through the modern times _cKakha Shengelia ; translated and edited by Khatuna Basilashvili, Associated professor, Caucasus University |
| 250 | _aThird edition | ||
| 264 | 1 |
_aTbilisi _bCaucasus University Publishing House _c2016 |
|
| 300 |
_a276 Seiten, 96 ungezählte Seiten Bildtafeln _bIllustrationen, Porträts, Karten, genealogische Tafeln _c25 cm |
||
| 336 |
_btxt _2rdacontent _aText |
||
| 337 |
_bn _2rdamedia |
||
| 338 |
_bnc _2rdacarrier |
||
| 648 | 7 |
_aGeschichte _2gnd _9rswk-swf |
|
| 650 | 0 | 7 |
_aPolitik _0(DE-588)4046514-7 _2gnd _9rswk-swf |
| 650 | 0 | 7 |
_aKultur _0(DE-588)4125698-0 _2gnd _9rswk-swf |
| 650 | 0 | 7 |
_aKrieg _0(DE-588)4033114-3 _2gnd _9rswk-swf |
| 651 | 4 |
_aGeorgia (Republic) / History _967361 |
|
| 651 | 4 |
_aGéorgie (République) / Histoire _967362 |
|
| 651 | 7 |
_aGeorgia (Republic) _2fast _965745 |
|
| 651 | 7 |
_aGeorgien _0(DE-588)4022406-5 _2gnd _9rswk-swf |
|
| 700 | 1 |
_aBasilashvili, Khatuna _4trl _967363 |
|
| 856 | 4 |
_mDigitalisierung BSB München - ADAM Catalogue Enrichment _uhttps://bvbr.bib-bvb.de:443/F?func=service&doc_library=BVB01&local_base=BVB01&doc_number=034079245&sequence=000001&line_number=0001&func_code=DB_RECORDS&service_type=MEDIA _zInhaltsverzeichnis |
|
| 940 | 1 | _noe | |
| 942 | 1 | 1 |
_cMG _e22/bsb _2z |
| 942 | 1 | 1 |
_c306.09 _e22/bsb _2z |
| 942 | 1 | 1 |
_c909 _e22/bsb _2z |
| 999 |
_c73047 _d73047 |
||